000 00393nam a22001457a 4500
005 20200607105855.0
008 200607b xxu||||| |||| 00| 0 eng d
082 _a345.4
110 _aALL INDIA REPORTER
_95818
245 _aALL INDIA REPORTER , 1966 (V-53) MADHAYA PRADESH SECTION
260 _aMUMBAI
_bALL INDIA REPORTER , PVT LTD.
300 _a24;p
650 _aLAW
_95701
942 _cJRL
999 _c6887
_d6885